Normal view
MARC view
Entry Topical Term
001 - CONTROL NUMBER
- control field: 24640
003 - CONTROL NUMBER IDENTIFIER
- control field: OSt
005 - DATE AND TIME OF LATEST TRANSACTION
- control field: 20230524131217.0
008 - FIXED-LENGTH DATA ELEMENTS
- fixed length control field: 230524|| aca||aabn | a|a d
040 ## - CATALOGING SOURCE
- Original cataloging agency: OSt
- Transcribing agency: OSt
150 ## - HEADING--TOPICAL TERM
- Topical term or geographic name entry element: Democratization
- Geographic subdivision: South Korea
- General subdivision: History
- Chronological subdivision: 20th Century
- Form subdivision: Fiction.
670 ## - SOURCE DATA FOUND
- Source citation: Work cat.: (OSt)27959: Han, Kang. 24639, Human acts / , 2016.